000 00512nam a2200181 i 4500
001 bgj
100 1 _aLAWRENCE, Kathleen Rockwell.
245 1 0 _aThe Last Room in Manhattan /
_cKathleen Rockwell Lawrence.
260 _aNew York :
_bAtheneum,
_c1988.
300 _a314 pp ;
_c22 cm.
650 9 _aAmerican fiction
_y20th century
020 _a0689120109 (hbk, jacket)
040 _cBPK
041 0 _aeng
920 _a0-689-12010-9 (hbk, jacket)
942 _cKS
008 s uk f |000 0 eng
999 _c47268
_d47268
856 _uhttp://koha.tu.koszalin.pl/cgi-bin/koha/opac-detail.pl?biblionumber=47268
_yKatalog online BPK